|
|
|
|
| LEADER |
00000nam0a2200000 4500 |
| 001 |
35266 |
| 005 |
20231101210306.0 |
| 035 |
|
|
|a (RuTPU)RU\TPU\book\35692
|
| 035 |
|
|
|a BOOK00002344
|
| 090 |
|
|
|a 35266
|
| 100 |
|
|
|a 20011210d1982 m y0rusy50 ca
|
| 101 |
0 |
|
|a rus
|
| 102 |
|
|
|a RU
|
| 105 |
|
|
|a y j 000zy
|
| 200 |
1 |
|
|a Колонковое бурение
|e учебное пособие
|f Б. И. Воздвиженский, С. А. Волков, А. С. Волков
|
| 210 |
|
|
|a Москва
|c Недра
|d 1982
|
| 215 |
|
|
|a 360 с.
|
| 606 |
|
|
|a Полезные ископаемые
|x Поиски и разведка
|x Техника
|2 stltpush
|3 (RuTPU)RU\TPU\subj\70490
|9 84735
|
| 606 |
|
|
|a Бурение разведочное, колонковое
|2 stltpush
|3 (RuTPU)RU\TPU\subj\30375
|9 53493
|
| 610 |
1 |
|
|a геология
|
| 610 |
1 |
|
|a разведочное бурение
|
| 610 |
1 |
|
|a техника
|
| 610 |
1 |
|
|a буровые инструменты
|
| 610 |
1 |
|
|a буровое оборудование
|
| 610 |
1 |
|
|a скважины горизонтальные
|
| 610 |
1 |
|
|a контрольно-измерительные приборы
|
| 610 |
1 |
|
|a колонковое бурение
|
| 610 |
1 |
|
|a автоматизация
|
| 610 |
1 |
|
|a учебные пособия
|
| 675 |
|
|
|a 550.82(075.8)
|v 3
|
| 675 |
|
|
|a 550.822.7:622.243(075.8)
|v 3
|
| 700 |
|
1 |
|a Воздвиженский
|b Б. И.
|g Борис Иванович
|
| 701 |
|
1 |
|a Волков
|b С. А.
|g Спиридон Архипович
|
| 701 |
|
1 |
|a Волков
|b А. С.
|g Александр Спиридонович
|
| 801 |
|
0 |
|a RU
|b 63413507
|c 20011210
|g PSBO
|
| 801 |
|
2 |
|a RU
|b 63413507
|c 20201118
|g PSBO
|
| 900 |
|
|
|a Бурение разведочных скважин 1
|
| 942 |
|
|
|c BK
|